Counties of Ireland without a map - Statistics

General Stats
  • This quiz has been taken 86 times
  • The average score is 27 of 32
Answer Stats
Province Answer % Correct
leinster dublin
100%
munster cork
98%
ulster derry
92%
connacht galway
92%
munster kerry
91%
connacht sligo
91%
munster waterford
91%
munster tipperary
89%
ulster antrim
86%
ulster donegal
86%
leinster meath
86%
leinster wexford
86%
munster clare
85%
leinster kilkenny
85%
munster limerick
85%
connacht mayo
85%
leinster westmeath
85%
ulster armagh
83%
connacht roscommon
82%
ulster tyrone
82%
leinster carlow
80%
ulster down
80%
ulster fermanagh
80%
leinster kildare
80%
leinster offaly
80%
leinster wicklow
80%
ulster cavan
77%
leinster laois
77%
connacht leitrim
77%
leinster louth
75%
ulster monaghan
75%
leinster longford
72%
No matching quizzes found
Score Distribution
Percent of People with Each Score
Percentile by Number Answered
Your Score History
You have not taken this quiz